Vstup do európskych problémov
Kritika "produktivizmu" a kapitalizácie výroby rozvlnila stojaté vody európskeho poľnohospodárstva. Dotačná politika v Európskej únii.
Guardado en:
| Autor principal: | |
|---|---|
| Formato: | Capítulo de libro |
| Lenguaje: | eslovaco |
| Materias: | |
| Etiquetas: |
Sin Etiquetas, Sea el primero en etiquetar este registro!
|
MARC
| LEADER | 00000naa a2200000 4500 | ||
|---|---|---|---|
| 001 | r036822 | ||
| 005 | 20230920071132.1 | ||
| 041 | 0 | |a slo | |
| 044 | |a SK | ||
| 245 | 1 | 0 | |a Vstup do európskych problémov |c Ivan Polakovič |
| 520 | |a Kritika "produktivizmu" a kapitalizácie výroby rozvlnila stojaté vody európskeho poľnohospodárstva. Dotačná politika v Európskej únii. | ||
| 610 | 2 | 0 | |a poľnohospodárstvo |
| 610 | 2 | 0 | |a kapitalizácia |
| 610 | 2 | 0 | |a dotácie |
| 610 | 2 | 0 | |a Slovensko |
| 610 | 2 | 0 | |a Európska únia |
| 100 | 1 | |a Polakovič, Ivan | |